El Momento = The Moment (Record no. 934)

MARC details
000 -LEADER
campo de control de longitud fija 01277nam a22001937a 4500
008 - DATOS DE LONGITUD FIJA--INFORMACIÓN GENERAL
campo de control de longitud fija 160601b xxu||||| |||| 00| 0 eng d
020 ## - NÚMERO INTERNACIONAL ESTÁNDAR DEL LIBRO
Número Internacional Estándar del Libro 9789871701469
020 ## - NÚMERO INTERNACIONAL ESTÁNDAR DEL LIBRO
Número Internacional Estándar del Libro 9871701462
082 ## - NÚMERO DE LA CLASIFICACIÓN DECIMAL DEWEY
Número de clasificación 709.2
Número de ítem V492m
100 ## - ENTRADA PRINCIPAL--NOMBRE DE PERSONA
Nombre de persona Rob Verf; María Elena Lucero; María José Herrera
9 (RLIN) 5123
245 ## - MENCIÓN DEL TÍTULO
Título El Momento = The Moment
Mención de responsabilidad, etc. Rob Verf; María Elena Lucero; María José Herrera
260 ## - PUBLICACIÓN, DISTRIBUCIÓN, ETC.
Lugar de publicación, distribución, etc. Buenos Aires
Nombre del editor, distribuidor, etc. Elaleph
Fecha de publicación, distribución, etc. 2012
300 ## - DESCRIPCIÓN FÍSICA
Extensión 208 pag
Otras características físicas ill
Dimensiones 21 cm
505 ## - NOTA DE CONTENIDO CON FORMATO
Título American Beuty is not real. Seis notas sobre algunas fricciones visuales.
Mención de responsabilidad Maria Elena Lucero
Título Rob verf. La pintura espejo del ser.
Mención de responsabilidad Maria José Herrera
Título El Momento I The Moment
Mención de responsabilidad Rob Verf
Título Insomnio
-- Dibujos secretos
-- Utrech
-- Pintura anticomercial
-- Happenings
-- Dar forma a los pensamientos
-- Nada
-- Series
-- Rotterdam
-- Basura
-- Rusia
-- Experimentación
-- Buenos Aires
-- Uruguay
-- La Crisis
-- El bombon de constitución
-- El maestro
-- Nueva york
-- Enseñando y aprendiendo
-- Movimiento
-- Producto X
-- Color
-- Forma y Color
-- Espacio/Habitación
-- ¿No somos todos prisioneros de la caverna de Platon
-- Palabras de agradecimiento
-- Biografia de Rob Verf
-- Sobre los autores
650 ## - PUNTO DE ACCESO ADICIONAL DE MATERIA--TÉRMINO DE MATERIA
Término de materia o nombre geográfico como elemento de entrada Rob Verf 1964-
9 (RLIN) 5124
653 ## - TÉRMINO DE INDIZACIÓN--NO CONTROLADO
Término no controlado Artistas - Biografía
653 ## - TÉRMINO DE INDIZACIÓN--NO CONTROLADO
Término no controlado Arte Moderno
653 ## - TÉRMINO DE INDIZACIÓN--NO CONTROLADO
Término no controlado Artistas - Países Bajos
Holdings
Estatus retirado Estado de pérdida Fuente del sistema de clasificación o colocación Estado de daño No para préstamo Biblioteca de origen Biblioteca actual Ubicación en estantería Fecha de adquisición Total de préstamos Signatura topográfica completa Código de barras Visto por última vez Precio de reemplazo Tipo de ítem Koha
    Clasificación Decimal Dewey     Biblioteca LadoV Biblioteca LadoV   01/06/2016   709.2 V492m 004181 01/06/2016 01/06/2016 Material 01